|
|
|
|
| LEADER |
00804nam a2200205 a 4500 |
| 008 |
100523s2002nyu b 001 0 eng d |
| 020 |
|
|
|a 0393006093
|
| 040 |
|
|
|a DLC
|c DLC
|d DLC
|d BD-DhAAL
|
| 082 |
0 |
0 |
|a 809/.9/14
|2 21
|
| 100 |
1 |
|
|a Abrams, M. H.
|q (Meyer Howard),
|d 1912-
|
| 245 |
1 |
0 |
|a Natural supernaturalism: tradition and revolution in romantic literature /
|c by M. H. Abrams.
|
| 260 |
|
|
|a New York :
|b Norton,
|c 2002.
|
| 300 |
|
|
|a 550 p. ;
|c 20 cm.
|
| 490 |
0 |
|
|a The Norton library
|
| 504 |
|
|
|a Includes bibliographical references.
|
| 541 |
1 |
|
|e 00020278
|
| 650 |
|
0 |
|a Romanticism.
|
| 852 |
4 |
|
|a Ayesha Abed Library
|j General Shelf
|
| 999 |
|
|
|c 8683
|d 8683
|
| 952 |
|
|
|0 0
|1 0
|2 ddc
|4 0
|6 809_914000000000000_ABR_2002
|7 0
|9 10446
|a BRACUL
|b BRACUL
|c GEN
|d 2010-05-24
|l 1
|o 809.914 ABR
|p 3010020278
|r 2012-07-03
|s 2012-06-27
|t 1
|w 2010-05-24
|y BK
|